Escudos de las casas de poniente (GOT) - Estadísticas

Estadísticas generales
  • Esta prueba ha sido intentada 44 veces
  • La puntuación promedio es 5 de 20
Estadísticas de respuestas
Imagen Respuesta % Correcto
Casa Baratheon/Durrandon de Bastión de Tormentas
100%
Casa Caron de Nocturnia
100%
Casa Estermont de Piedraverde
100%
Casa Fossoway de La Sidra
100%
Casa Greyjoy de Pyke
100%
Casa Hightower de Antigua
100%
Casa Lannister de Roca Casterly
100%
Casa Martell de Lanza del Sol
100%
Casa Mormont de Isla del Oso
100%
Casa Stark de Invernalia
100%
Casa Targaryen del Trono de Hierro
100%
Casa Tarly de Colina C​uerno
100%
Casa Tully de Aguasdulces
100%
Casa Velaryon de Marcaderiva
100%
Casa Arryn del Nido de Aguilas
86%
Casa Bolton de Fuerte Terror
86%
Casa Dayne de Campoestrella
80%
Casa Clegane del Oeste
71%
Casa Blackwood de Arbol de Cuervos
67%
Casa Karstark de Bastión Kar
67%
Casa Reed del Cuello
67%
Casa Whent de Harrenhal
67%
Casa Frey del Cruce
60%
Casa Gardener de Altojardín
50%
Casa Mallister de Varamar
50%
Casa Manderly de Puerto Blanco
50%
Casa Peake de Picaestrella
50%
Casa Poole del Norte
50%
Casa Swyft de Maizal
50%
Casa Beesbury de Sotomiel
40%
Casa Dustin de Fuerte Túmulo
40%
Casa Hoare de Harrenhall
40%
Casa Baelish de los Dedoos
33%
Casa Darry de Darry
33%
Casa Fuegoscuro del Trono de Hierro
33%
Casa Glover de Bosquespeso
33%
Casa Manwoody de Sepulcro del Rey
33%
Casa Payne del Oeste
33%
Casa Tarbeck de Torre Tarbeck
33%
Casa Waxley de Serbaledo
33%
Casa Webber de Fosafría
33%
Casa Harroway de Harrenhall
25%
Casa Lefford de Colmillo Dorado
25%
Casa Piper de Princesa Rosada
25%
Casa Royce de Piedra de las Runas
25%
Casa Selmy de Torreón Cosecha
25%
Casa Westerling de El Risco
25%
Casa Dondarrion de Refugio Negro
20%
Casa Rykker de Valle Oscuro
20%
Casa Uller de Sotoinferno
20%
Casa Vance de Atranta
20%
Casa Brax de Valdecuerno
17%
Casa Florent de Aguasclaras
17%
Casa Trant de Gallowsgrey
17%
Casa Allyrion de Bondadivina
0%
Casa Ambrose del Dominio
0%
Casa Appletoon de Appleton
0%
Casa Bar Emmon de Punta Aguda
0%
Casa Blackmont de Montenegro
0%
Casa Blacktyde de Marea Negra
0%
Casa Botley de Puerto Noble
0%
Casa Bracken de Setp de Piedra
0%
Casa Buckler de Puertabronce
0%
Casa Butterwell de Murosblancos
0%
Casa Caswell de Puenteamargo
0%
Casa Celtigar de Isla Zarpa
0%
Casa Cerwin de Castillo Cerwin
0%
Casa Cole de las Tierras de la Tormenta
0%
Casa Connington de Nido del Grifo
0%
Casa Corbray de Hogar
0%
Casa Crakehall de Refugio Quebrado
0%
Casa Crane de Lago Rojo
0%
Casa Dalt de Limonar
0%
Casa Darklyn de Fuerte Pardo
0%
Casa Drumm de Viejo Wyk
0%
Casa Farman de Isla Bella
0%
Casa Fowler de Dominio del Cielo
0%
Casa Gargalen de Costa Salada
0%
Casa Goodbrother de Cuernomartillo
0%
Casa Gradinson de Buenavista
0%
Casa Grafton de Puerto Gaviota
0%
Casa Greyiron de las Islas del Hierro
0%
Casa Harlaw de Harlaw
0%
Casa Hayfort de Hayfort
0%
Casa Hewett de Escudo de Roble
0%
Casa Hornwood de Hornwood
0%
Casa Hunter de Arcolargo
0%
Casa Lonmouth de las Tierras de la Tormenta
0%
Casa Lothstone de Harrenhall
0%
Casa Lydden de Cuevahonda
0%
Casa Lynderly de Bosque de la Serpiente
0%
Casa Marbrand de Marcaceniza
0%
Casa Massey de Ballaroca
0%
Casa Merrywater de Granmesa
0%
Casa Mertyns de Bosqueumbrío
0%
Casa Mooton de Poza de la Doncella
0%
Casa Morrigen de Nido de Cuervos
0%
Casa Mudd de Piedrasvijas
0%
Casa Mullendore de Tierras Altas
0%
Casa Oakheart de Roble Viejo
0%
Casa Orkwood de Monteorca
0%
Casa Osgrey de Tiesa
0%
Casa Prester de las Hogueras
0%
Casa Qoherys de Harrenhall
0%
Casa Qorgyle de Asperón
0%
Casa Redfort de Fuerte Rojo
0%
Casa Redwyne del Rejo
0%
Casa Reyne de Castamere
0%
Casa Rosby de Rosby
0%
Casa Rowan de Sotodeoro
0%
Casa Ryger de Bosque de Sauces
0%
Casa Ryswell de los Riachuelos
0%
Casa Sarsfield de Sarsfield
0%
Casa Seaworth del Cabo de la Ira
0%
Casa Serrett de Refugio de Plata
0%
Casa Serry
0%
Casa Slynt del Escudo del Sur
0%
Casa Smallwood de Torreón Bellota
0%
Casa Spicer de Castamere
0%
Casa Stacksprear
0%
Casa Staedmon de Arco Ancho
0%
Casa Stokeworth de Stokeworth
0%
Casa Strong de Harrenhall
0%
Casa Sunderland de Tres Hermanas
0%
Casa Sunglass de Puertoplácido
0%
Casa Swann de Yelmo de Piedra
0%
Casa Tallhart de Ciudadela de Torrhen
0%
Casa Tarth de Castillo del Atardecer
0%
Casa Templeton de Nuevestrellas
0%
Casa Thenn de Thenn
0%
Casa Thorne de las Tierras de la Corona
0%
Casa Toland de Colina Fantasma
0%
Casa Towers de Harrenhal
0%
Casa Tyrell de Altojarín
0%
Casa Vaith de Dunas Rojas
0%
Casa Volmark de Volmark
0%
Casa Waynwood de Roble de Hierro
0%
Casa Wyl del Camino Pedregoso
0%
Casa Wynch de Castroferro
0%
Casa Yronwood de Palosanto
0%
No se encontraron pruebas coincidentes
Distribución de puntuación
Porcentaje de gente con cada puntuación
Porcentaje por número respondido
Historial de tus puntuaciones
No has intentado esta prueba.